Statistics for name all Pashtun countries

Click here to take the quiz!

General Stats

  • This quiz has been taken 27 times
  • The average score is 6 of 7

Answer Stats

majority or minorityAnswer% Correct
majorityafghanistan
100%
minoritypakistan
100%
minorityiran
92%
minoritytajikistan
88%
minorityUSA
83%
minorityUK
79%
minorityUAE
54%

Score Distribution

Percentile by Number Answered

Percent of People with Each Score

Your Score History

You have not taken this quiz